De A à Z : Monnaies du monde - Statistiques

Statistiques générales
  • Ce quiz a été pris 124 fois
  • Le résultat moyen est 10 sur 22
Statistiques - réponses
Lettres Reponses % Correct
E Escudo | Euro
97%
D Dalasi | Denar | Dinar | Dirham | Dobra | Dollar | Dong | Dram
95%
Y Yen | Yuan
89%
L Lari | Lek | Lempira | Leone | Leu | Lev | Lilangeni | Livre | Loti
86%
F Forint | Franc
85%
R Rand | Réal | Rial | Riel | Ringgit | Riyal | Rouble | Roupie | Rufiyaa
85%
P Pa'anga | Peso | Pula
78%
C Cedi | Colon | Cordoba | Couronne
60%
W Won
55%
B Baht | Balboa | Birr | Bolivar | Boliviano
53%
Z Zloty
48%
S Shekel | Shilling | Som | Somoni | Sum
38%
Q Quetzal
35%
M Manat | Mark | Metical
26%
G Gourde | Guarani
25%
K Kina | Kip | Kuna | Kwacha | Kwanza | Kyat
25%
A Afghani | Ariary
14%
T Taka | Tala | Tenge | Tugrik
12%
H Hryvnia
11%
N Naira | Nakfa | Ngultrum
9%
V Vatu
7%
O Ouguiya
5%
Aucun quiz correspondant
Distribution des résultats
% des personnes avec chaque résultat
Percentile par nombre de réponses
Votre historique - résultats
Vous n’avez pas pris ce quiz